00315 a2200109 4500001000700000020000600007040001100013100002500024240007600049245007100125362000900196168098 a  cMagnum aFrago, Antonio Vinao10aAlfabetizacao na sociedade e na historia: vozes, palavras e textoslpor10aAlfabetizacao na sociedade e na historia: vozes, palavras e textos0 a1899